Click Asian Countries By Their Path IDs On A Map - Statistics

General Stats
  • This quiz has been taken 34 times
  • The average score is 29 of 48
Answers on the Map
Answers color-coded by a green-red scale on the quiz's map according to % correct below.
 
Answer Stats
Answer % Correct
ir
89%
cn
83%
in
83%
Indonesia
83%
iq
83%
af
78%
az
78%
jp
78%
kz
78%
om
78%
pk
78%
uz
78%
ye
78%
ge
72%
np
72%
ph
72%
sa
72%
tj
72%
bt
67%
cy
67%
kg
67%
mm
67%
sy
67%
th
67%
vn
67%
jo
61%
mn
61%
qa
61%
am
56%
la
56%
mv
56%
tw
56%
bd
50%
il
50%
kw
50%
sg
50%
bh
44%
lb
44%
tm
44%
kp
39%
tr
39%
ae
33%
kh
33%
kr
33%
my
28%
tl
28%
lk
22%
bn
17%
No matching quizzes found
Score Distribution
Percent of People with Each Score
Percentile by Number Answered
Your Score History
You have not taken this quiz